[Event "Berlin Lichtenrade op 05th"]
[Site "Berlin"]
[Date "2009.10.21"]
[Round "5"]
[White "Voelz, Stephan"]
[Black "Niehaus, Frank"]
[Result "1/2-1/2"]
[WhiteElo "1997"]
[BlackElo "2152"]
[PlyCount "149"]
[EventDate "2009.10.11"]
[EventType "swiss"]
[EventRounds "9"]
[EventCountry "GER"]
[SourceTitle "EXT 2010"]
[Source "ChessBase"]
[SourceDate "2010.11.25"]
[SourceVersion "1"]
[SourceVersionDate "2010.11.25"]
[SourceQuality "1"]

1. d4 Nf6 2. c4 g6 3. Nc3 Bg7 4. e4 d6 5. f3 0-0 6. Be3 c5 7. Nge2 Qa5 8. Qd2 Nc6 9. Rd1 a6 10. d5 Ne5 11. Nc1 b5 12. cxb5 axb5 13. Bxb5 Ba6 14. Bxa6 Rxa6 15. Nb3 Qb4 16. Qc2 Rxa2 17. 0-0 Raa8 18. Nd2 Nfd7 19. Ra1 Nb6 20. Rxa8 Rxa8 21. b3 Nxf3+ 22. Nxf3 Qxc3 23. Qxc3 Bxc3 24. Rc1 Bb4 25. Bd2 Bxd2 26. Nxd2 Ra2 27. Rd1 Rb2 28. Kf1 Kg7 29. Ke1 c4 30. bxc4 Rc2 31. c5 Rxc5 32. Kf2 Nd7 33. Nf3 Rc2+ 34. Rd2 Rc3 35. Re2 Kf6 36. h4 h5 37. Ng5 Ra3 38. g3 e6 39. dxe6 fxe6 40. Rd2 Ke7 41. Rb2 Nc5 42. Rd2 Rb3 43. Ra2 Rb2+ 44. Rxb2 Nd3+ 45. Kf3 Nxb2 46. g4 Nd3 47. gxh5 gxh5 48. Ke3 Ne5 49. Ke2 Ng6 50. Nf3 Kd7 51. Ke3 Kc6 52. Nd4+ Kd7 53. Nf3 e5 54. Kd3 Kc6 55. Kc4 Nf4 56. Nh2 d5+ 57. exd5+ Nxd5 58. Nf1 Nf4 59. Ng3 Kd6 60. Ne4+ Ke6 61. Ng3 Kf6 62. Kc5 Ke7 63. Kc4 Ke6 64. Kc5 Ng6 65. Nxh5 Nxh4 66. Ng3 Nf5 67. Nf1 e4 68. Kc4 Ke5 69. Kc3 Kf4 70. Kd2 Nd4 71. Ke1 Nf3+ 72. Ke2 Ng1+ 73. Ke1 Ke5 74. Kf2 Nh3+ 75. Ke3 1/2-1/2